STEAM TURBINE THEORY AND PRACTICE A TEXT FOR ENGINEERING STUDIES (Record no. 585449)
[ view plain ]
| 000 -LEADER | |
|---|---|
| fixed length control field | 00280nam a22001097a 4500 |
| 082 ## - DEWEY DECIMAL CLASSIFICATION NUMBER | |
| Classification number | 621.165 KEA'S |
| 100 ## - MAIN ENTRY--PERSONAL NAME | |
| Personal name | KEARTON, W. J |
| 9 (RLIN) | 74462 |
| 245 ## - TITLE STATEMENT | |
| Title | STEAM TURBINE THEORY AND PRACTICE A TEXT FOR ENGINEERING STUDIES |
| 260 ## - PUBLICATION, DISTRIBUTION, ETC. | |
| Place of publication, distribution, etc. | LONDON |
| Name of publisher, distributor, etc. | ELBS |
| Date of publication, distribution, etc. | 1962 |
| 300 ## - PHYSICAL DESCRIPTION | |
| Extent | 861P |
| 942 ## - ADDED ENTRY ELEMENTS (KOHA) | |
| Koha item type | Book |
| Withdrawn status | Lost status | Damaged status | Not for loan | Permanent Location | Current Location | Shelving location | Date acquired | Total Checkouts | Full call number | Barcode | Date last seen | Price effective from | Koha item type |
|---|---|---|---|---|---|---|---|---|---|---|---|---|---|
| College of Electrical & Mechanical Engineering (CEME) | College of Electrical & Mechanical Engineering (CEME) | General Stacks | 07/09/2017 | 621.165 KEA'S | CEME-5001 | 06/28/2021 | 06/28/2021 | Book | |||||
| College of Electrical & Mechanical Engineering (CEME) | College of Electrical & Mechanical Engineering (CEME) | General Stacks | 07/09/2017 | 621.165 KEA'S | CEME-5002 | 06/28/2021 | 06/28/2021 | Book |
